000 00411nam a2200169Ia 4500
003 OSt
005 20220406122854.0
008 210210b1930 xxu||||| |||| 00| 0 eng d
040 _aAL
_c
041 _aeng
082 _a331/258
100 _aWOODRUFF (P H)
_927951
245 _aBanking for advanced students
260 _aLondon
_bSir Isaac Pitman & Sons Ltd.,
_c1930
906 _a004160
942 _2ddc
_cBK
999 _c123219
_d123219